[Event "1st Fischer Memorial 2017"]
[Site "Heraklion"]
[Date "2017.04.18"]
[Round "2"]
[White "Mitsis, Georgios"]
[Black "Postny, Evgeny"]
[Result "1/2-1/2"]
[WhiteElo "2239"]
[BlackElo "2606"]
[Annotator "TA"]
[PlyCount "106"]
[EventDate "2017.??.??"]
[EventType "tourn"]
[EventCountry "GRE"]
[SourceTitle "playchess.com"]
[Source "ChessBase"]
[SourceQuality "1"]

{[%evp 21,105,13,23,0,0,0,0,6,1,0,0,-9,-20,-19,-14,-29,-30,-25,0,0,0,0,0,0,0,0,0,0,0,0,0,0,10,9,10,19,31,0,0,0,0,0,0,0,0,0,0,0,0,0,0,0,0,0,0,0,0,0,0,0,0,0,0,0,0,0,0,0,0,0,0,0,0,0,0,0,0,0,0,0,0,0,0,0,0,0]} 1. e4 e5 2. Nf3 Nc6 3. Bc4 Bc5 4. O-O Nf6 5. d3 O-O 6. c3 d5 7. exd5 Nxd5 8. a4 {C54: Giuoco Piano: 4 c3 Nf6, main lines with 5 d4 and 5 d3} a5 9. Nbd2 Nb6 10. Bb5 Bd6 11. Ne4 (11. Re1 Bg4 12. h3 Bh5 13. Bxc6 bxc6 {½-½ (80) Nepomniachtchi,I (2767)-Aronian,L (2785) Doha 2016}) 11... Na7 {LiveBook: 4 Games} 12. Bc4 Nxc4 13. dxc4 Nc6 14. Nxd6 cxd6 15. h3 $146 (15. b3 Qc7 {½-½ (79) Schroeder,J (2507)-Dragnev,V (2430) Celje 2016}) 15... Be6 16. Qe2 h6 17. Rd1 Qc7 18. Ne1 Ne7 19. b3 d5 {[%cal Rd5c4]} 20. Ba3 Rfd8 {[%cal Rd5c4]} 21. Bxe7 Qxe7 22. cxd5 Bxd5 23. c4 Bc6 24. Nc2 Qg5 {[%csl Gc6][%cal Rg5g2] [#]} 25. Qg4 Qxg4 26. hxg4 Be4 27. Ne3 Rd4 28. f3 Bg6 29. Rxd4 (29. Kf2 $5 {is interesting.} Rad8 30. Ke2 Bd3+ 31. Ke1 R4d7 32. Rd2) 29... exd4 {The position is equal.} 30. Nf5 $1 Bxf5 31. gxf5 $11 {[%mdl 4096] Endgame KR-KR} Re8 32. Rd1 Re3 33. Rxd4 Rxb3 34. Rd5 Rb4 35. Rxa5 Rxc4 36. Rb5 Rxa4 37. Rxb7 h5 38. Kh2 Rf4 39. Rb5 Kh7 40. Kg3 Ra4 41. Re5 h4+ 42. Kh3 Kh6 43. Re7 f6 44. Re4 Rxe4 45. fxe4 {K3P-K3P} Kh5 46. g3 Kg5 47. Kg2 (47. gxh4+ $2 Kf4 48. Kh2 Kxe4 $19) 47... Kh5 48. Kh3 $1 Kg5 49. Kg2 ({Don't go for} 49. gxh4+ $2 Kf4 50. Kh2 Kxe4 $19) 49... Kg4 50. gxh4 Kf4 51. Kh3 Ke5 $2 {[%mdl 8192]} (51... Kxe4 52. Kg4 Ke5) 52. Kg4 {[#] Hoping for Kh5.} Kxe4 53. Kh5 $1 {[%cal Rh5g6] Intending Kg6 and mate.} Kxf5 1/2-1/2

[Event "1st Fischer Memorial 2017"]
[Site "Heraklion"]
[Date "2017.04.18"]
[Round "3"]
[White "Postny, Evgeny"]
[Black "Goumas, Georgios"]
[Result "1/2-1/2"]
[WhiteElo "2606"]
[BlackElo "2407"]
[Annotator "TA"]
[PlyCount "160"]
[EventDate "2017.??.??"]
[EventType "tourn"]
[EventCountry "GRE"]
[SourceTitle "playchess.com"]
[Source "ChessBase"]
[SourceQuality "1"]

{[%evp 26,160,5,18,18,18,18,13,26,15,22,18,54,0,6,11,16,16,29,19,20,19,41,30,64,54,55,50,61,47,46,42,49,44,49,24,28,29,32,26,25,18,89,89,89,89,89,89,120,95,148,90,199,187,211,214,243,231,212,221,196,191,189,169,268,233,523,516,492,482,439,289,289,289,289,0,0,0,0,0,0,0,0,0,0,0,0,0,0,0,0,0,0,0,0,0,0,0,0,0,0,0,0,0,0,0,0,0,0,0,0,0,163,0,0,0,0,0,0,0,0,0,0,0,0,0,0,0,0,0,0,0,0,0,0,0,0]} 1. d4 Nf6 2. c4 e6 3. Nf3 d5 4. g3 dxc4 5. Bg2 Bb4+ 6. Nc3 O-O 7. O-O Nc6 8. Bg5 h6 9. Bxf6 Qxf6 10. e3 Rb8 11. Nd2 {E20: Nimzo-Indian: 4 g3 and 4 f3} Na5 12. Qc2 Qe7 13. a3 Bd6 14. Nce4 {LiveBook: 5 Games} b6 15. Nxc4 Nxc4 16. Qxc4 Bb7 17. b4 Rfc8 $146 (17... e5 18. Rfe1 Bxe4 19. Bxe4 a5 20. bxa5 bxa5 21. Qc3 exd4 22. exd4 Qf6 23. Bc6 Rb6 24. Be8 c5 25. Ra2 Qxd4 {½-½ (25) Sandipan,C (2577)-Khalifman,A (2624) Moscow 2016}) 18. Rfd1 a5 19. Rab1 axb4 20. axb4 b5 21. Qc3 Bd5 22. Rdc1 Ra8 23. Nxd6 Qxd6 24. e4 Ba2 25. Rb2 Ra4 26. Bf1 Bc4 27. Bxc4 bxc4 28. Qxc4 Rb8 {[%cal Rb8b4]} 29. Rcb1 c6 30. Qb3 Ra7 31. Qc3 $36 {[%mdl 2048] White has good play.} Rd7 32. h4 Qxd4 33. Qxc6 Rdb7 (33... Rdd8 $11) 34. b5 $16 Rb6 35. Qc2 h5 36. Rb4 Qe5 {[%cal Rb6b5]} 37. Qb2 Qd6 ({Black should try} 37... Qxb2 38. R4xb2 (38. R1xb2 e5 39. f3 f6 $16) 38... e5) 38. Qc3 (38. Rc1 $142) 38... g6 (38... Qd7 $16 {was called for.}) 39. Rd4 $18 Qe7 40. Rc4 Qb7 {[#]} 41. Qe5 $1 {And now Rc7 would win.} Qd7 {[%cal Rb6b5]} 42. Rc7 Qd6 43. Qxd6 Rxd6 {[%mdl 4096] Endgame KRR-KRR} 44. Ra1 Rd4 (44... g5 $142) 45. Raa7 Rf8 $2 (45... Rxe4 46. Rxf7 Rxb5 47. Rg7+ Kh8) 46. b6 {[%cal Bb5b6,Bb6b7][%mdl 32]} Rb4 47. b7 Kg7 48. e5 Rb8 49. Kf1 Rb5 50. f4 $2 (50. Re7 $18) 50... Rb2 $11 51. Rd7 Rb1+ 52. Ke2 Kf8 53. Kd2 Rb6 54. Rc7 Kg7 $1 55. Kc2 Rb5 56. Rd7 Kf8 57. Kd3 Rb1 58. Rc7 Kg7 59. Kc2 Rb6 60. Kd2 Rb5 61. Kc3 {[#] aiming for Rd7.} Rb1 62. Kd3 Rb4 63. Rd7 {Threatens to win with Re7.} Kf8 64. Kc3 Rb1 65. Kc2 Rb6 66. Kd3 Rb1 67. Rc7 Kg7 68. Kd4 {Hoping for Kc5.} Rd1+ $2 (68... Rb2 $11 {and Black is okay.} 69. Ke4 Rb4+ 70. Kf3 Rb1) 69. Kc5 $2 ({Better is} 69. Ke3 $18 Re1+ 70. Kf3) 69... Rc1+ {The position is equal.} 70. Kb6 Rb1+ 71. Kc6 Rc1+ 72. Kd7 Rd1+ 73. Ke7 Rb1 $1 74. Rd7 {Black must now prevent Kd6.} Rb6 $1 75. Rc7 Rb1 76. Kd6 {Rd7 is the strong threat.} Rd1+ 77. Kc6 Rc1+ 78. Kd7 Rd1+ 79. Ke7 Rb1 $1 80. Rd7 {Strongly threatening Kd6.} Rb6 $1 1/2-1/2

[Event "1st Fischer Memorial 2017"]
[Site "Heraklion"]
[Date "2017.04.18"]
[Round "3"]
[White "Theodorou, Nikolas"]
[Black "Migot, Tangi"]
[Result "1-0"]
[WhiteElo "2487"]
[BlackElo "2355"]
[Annotator "TA"]
[PlyCount "75"]
[EventDate "2017.??.??"]
[EventType "tourn"]
[EventCountry "GRE"]
[SourceTitle "playchess.com"]
[Source "ChessBase"]
[SourceQuality "1"]

{[%evp 20,75,23,25,33,16,12,13,27,14,14,28,13,11,20,0,0,0,0,-11,0,0,0,0,0,0,0,0,0,0,4,0,0,0,2,0,0,0,0,0,0,0,0,0,0,0,0,0,0,0,0,0,0,0,0,0,0,0]} 1. Nf3 d5 2. c4 c6 3. g3 Nf6 4. Bg2 g6 5. b3 Bg7 6. Bb2 O-O 7. O-O a5 8. Nc3 Ne4 9. d4 Nxc3 {A11: English Opening: 1...c6} (9... Bf5 10. e3 Nxc3 11. Bxc3 Be4 12. Qe2 e6 13. Rfd1 Nd7 14. Bf1 g5 15. Rac1 Bxf3 16. Qxf3 f5 17. Bd3 Nf6 18. cxd5 cxd5 {½-½ (29) Jakovenko,D (2709)-Ding,L (2760) Sharjah 2017}) 10. Bxc3 Bf5 11. Ne5 {LiveBook: 7 Games} Be6 {White has an edge.} 12. Qd3 $146 (12. Nd3 dxc4 13. Nc5 Qc8 14. Nxe6 Qxe6 15. d5 cxd5 16. Bxd5 Qb6 17. Bxg7 Kxg7 18. bxc4 {1-0 (53) Zhou,W (2585)-Liang,J (2462) Hefei 2010}) 12... Nd7 13. cxd5 Nxe5 14. dxe5 Bxd5 15. Rfd1 {[%cal Rg2d5]} Bxg2 16. Kxg2 {The position is equal.} Qc7 17. e6 fxe6 {[%cal Bf7e6,Be6e5][%mdl 32]} 18. Bxg7 Kxg7 19. Qe3 e5 20. Rd3 Rad8 21. Rad1 Rxd3 22. Rxd3 Rd8 23. Rxd8 Qxd8 24. Qxe5+ $11 {[%mdl 4096] Endgame KQ-KQ} Kg8 25. e4 Kf7 26. h4 h5 27. g4 Qd1 28. Qf4+ Kg7 29. gxh5 Qxh5 30. f3 Qc5 31. Qc7 b6 32. Qd8 Kf7 33. Qh8 Qh5 (33... Qc2+ $5 {seems wilder.} 34. Kg3 Qc5 35. Qh7+ Kf6 36. Qh8+ Kf7) 34. Qxh5 gxh5 35. f4 Ke6 36. Kf3 Kd6 37. Ke3 b5 38. Kd4 {[%mdl 32768] Loss on time?} 1-0

[Event "1st Fischer Memorial 2017"]
[Site "Heraklion"]
[Date "2017.04.18"]
[Round "3"]
[White "Kapnisis, Spyridon"]
[Black "Pavlidis, Anastasios"]
[Result "1/2-1/2"]
[WhiteElo "2451"]
[BlackElo "2380"]
[Annotator "TA"]
[PlyCount "45"]
[EventDate "2017.??.??"]
[EventType "tourn"]
[EventCountry "GRE"]
[SourceTitle "playchess.com"]
[Source "ChessBase"]
[SourceQuality "1"]

{[%evp 26,30,41,37,34,30,45]} 1. e4 c5 2. Nf3 d6 3. d4 cxd4 4. Nxd4 Nf6 5. Nc3 g6 6. Be3 Bg7 7. f3 Nc6 8. Qd2 O-O 9. O-O-O d5 10. exd5 Nxd5 11. Nxc6 bxc6 12. Bd4 Bxd4 13. Qxd4 Qb6 14. Na4 Qa5 {[#] Threatens to win with ...e5! B76: Sicilian Dragon: Yugoslav Attack, 9 g4 and 9 0-0-0} (14... Qc7 15. Bc4 Nb6 16. Bb3 Nxa4 17. Qxa4 c5 18. Rhe1 e6 19. Qe4 Ba6 20. Bxe6 Bb7 21. Bd5 Bxd5 22. Qxd5 Qxh2 {½-½ (41) Caruana,F (2803)-Nakamura,H (2799) Khanty-Mansiysk 2015}) 15. b3 $1 Bf5 16. g4 $146 Be6 17. Qe5 Qb4 18. c4 Nf6 19. Bd3 a5 20. Qc5 Nd7 21. Qd4 Qa3+ 22. Qb2 Qb4 23. Qd4 {½-½ (23) Lupulescu,C (2589)-Jianu,V (2522) Eforie Nord 2008} 1/2-1/2

[Event "1st Fischer Memorial 2017"]
[Site "Heraklion"]
[Date "2017.04.18"]
[Round "3"]
[White "Kourkoulos-Arditis, Stamatis"]
[Black "Ristic, Nenad"]
[Result "1-0"]
[WhiteElo "2365"]
[BlackElo "2414"]
[Annotator "TA"]
[PlyCount "109"]
[EventDate "2017.??.??"]
[EventType "tourn"]
[EventCountry "GRE"]
[SourceTitle "playchess.com"]
[Source "ChessBase"]
[SourceQuality "1"]

{[%evp 19,109,0,0,-25,9,2,0,0,54,49,45,0,35,27,24,16,48,48,48,48,48,47,46,45,85,70,66,74,95,97,132,132,132,132,141,120,117,89,123,128,142,134,154,128,215,215,246,246,278,289,284,285,285,291,307,293,297,286,238,287,430,416,1079,1168,1012,995,1279,1204,29972,29973,29971,29974,29972,29975,29975,29976,29969,29970,29976,29978,29976,29977,29981,29982,29983,29984,29990,29991,29991,29987,29987,458]} 1. Nf3 Nf6 2. c4 g6 3. Nc3 Bg7 4. g3 O-O 5. Bg2 c6 6. O-O d5 7. cxd5 cxd5 8. d4 Ne4 9. Nxe4 dxe4 10. Ne5 Qd5 11. Bf4 {D79: Fianchetto Grünfeld: Symmetrical Variation (6 0-0 c6 7 cxd5 cxd5)} (11. Be3 Nd7 12. Qc2 Nxe5 13. Bxe4 Qc4 14. dxe5 Qxc2 15. Bxc2 Bxe5 16. Be4 Bf5 17. Bxf5 gxf5 18. Rac1 Rfc8 19. b3 Kg7 20. Kg2 a6 21. f4 Bd6 22. Rxc8 Rxc8 23. Rc1 Rxc1 24. Bxc1 Kf6 {½-½ (24) Kunin,V (2567)-Sumets,A (2632) Sables d'Olonne 2014}) 11... Nc6 $146 (11... f6 12. Nd3 Qxd4 13. Qb3+ e6 14. Rac1 Qd5 15. Rc4 b5 16. Rxe4 Bb7 17. Qxd5 Bxd5 18. Rxe6 Bxe6 19. Bxa8 Bxa2 20. Ra1 Bc4 21. Rxa7 Re8 22. Bf3 f5 23. Ra8 {1-0 (23) Ren,X (2157)-Chu,R (2078) China 2016}) 12. Nxc6 bxc6 13. Rc1 {The position is equal.} Bf5 (13... Bxd4 $11 14. Qa4 Bg4) 14. e3 $14 Qxa2 15. Qe2 Qe6 16. Qc4 Qxc4 17. Rxc4 e5 18. Bxe5 Bxe5 19. dxe5 Rfb8 20. Rb1 Be6 21. Rxc6 Ba2 22. Ra1 Rxb2 23. Bxe4 {Strongly threatening Ra6.} Rd8 24. Rd6 $36 {[%mdl 2048] Black is under strong pressure.} Re8 {[#]} 25. Bd5 $1 {[%cal Rd5a2]} Bxd5 26. Rxd5 $16 {[%mdl 4096] Endgame KRR-KRR} Re7 27. Rda5 h5 28. Rd1 Rb8 29. Kg2 Kg7 30. h3 Rb6 31. Rd3 Rbe6 (31... Rb2 $16 32. Rda3 Rc7) 32. f4 $18 Rb6 33. Kf3 Rc7 34. Rda3 Rbb7 35. g4 hxg4+ 36. hxg4 ({Resist} 36. Kxg4 $6 Kf8 37. h4 Rc1 38. Rxa7 Rg1+ 39. Kh3 (39. Kf3 Rxa7 40. Rxa7 Rh1 $18) 39... Rbb1 $18) 36... Rd7 37. Ra6 Re7 38. R3a5 Rec7 39. e6 f6 (39... Re7 {was called for.} 40. exf7 Rb3) 40. f5 Kh6 {[#]} (40... gxf5 $142 41. gxf5 Kf8) 41. e7 $1 {[%mdl 512]} Rxe7 42. Rxf6 Rb6 43. Ra6 Rxa6 44. Rxa6 {KR-KR. White mates.} Rg7 45. Kf4 Kh7 46. f6 Rb7 47. g5 Kg8 48. e4 {[%cal Be3e4,Be4e5][%mdl 32]} Kf7 49. e5 Rb4+ 50. Kf3 Rb3+ 51. Ke4 Rb4+ 52. Kd5 Rg4 53. Rxa7+ Kg8 54. Ke6 Rxg5 55. Ra8+ 1-0

[Event "1st Fischer Memorial 2017"]
[Site "Heraklion"]
[Date "2017.04.18"]
[Round "3"]
[White "Gungl, Theo"]
[Black "Mitsis, Georgios"]
[Result "0-1"]
[WhiteElo "2269"]
[BlackElo "2239"]
[Annotator "TA"]
[PlyCount "58"]
[EventDate "2017.??.??"]
[EventType "tourn"]
[EventCountry "GRE"]
[SourceTitle "playchess.com"]
[Source "ChessBase"]
[SourceQuality "1"]

{[%evp 29,58,43,42,15,71,44,105,0,0,0,0,0,0,-39,-61,-62,37,0,0,0,0,-77,-52,-66,-35,-158,-159,-170,-170,-437,-476]} 1. e4 e6 2. d4 d5 3. Nd2 Nf6 4. e5 Nfd7 5. Bd3 c5 6. c3 Nc6 7. Ne2 cxd4 8. cxd4 Qb6 9. Nf3 f6 10. exf6 Nxf6 11. O-O Bd6 12. b3 O-O 13. Bf4 Bxf4 14. Nxf4 Bd7 15. Re1 {C06: French Tarrasch: 3...Nf6 4 e5 Nfd7 5 Bd3 main lines} Rae8 {LiveBook: 12 Games} 16. Rc1 (16. Qd2 Kh8 17. Bc2 Qb4 18. Rad1 Qxd2 19. Rxd2 Ne4 20. Bxe4 Rxf4 21. Bb1 h6 22. Ne5 Nxe5 23. Rxe5 Rc8 24. g3 Rc1+ {½-½ (24) Lima,D (2529)-Mecking,H (2549) Sao Paulo 2005}) 16... Kh8 (16... e5 $11 {keeps the balance.} 17. Nxe5 (17. dxe5 Ng4 18. Qd2 Nxf2 19. Qxf2 Qxf2+ 20. Kxf2 Rxf4 $11) 17... Nxe5 18. Rxe5 (18. dxe5 Ng4 19. Qf3 Qh6 $15) 18... Rxe5 19. dxe5 Ng4) 17. Bb1 {White is better.} Re7 (17... e5 $14 18. Nxe5 (18. dxe5 Ng4 19. Qc2 Bf5 $14) 18... Nxe5 19. Rxe5 (19. dxe5 Ng4 20. Qc2 Bf5 $11) 19... Rxe5 20. dxe5 Ng4) 18. Ng5 $146 (18. Qd2 $16) (18. Ne5 Nxe5 19. Rxe5 Be8 20. g3 Bf7 21. Qd3 g6 22. h4 Nd7 {0-1 (34) Chang,J (2018)-Wang,J (2130) Vancouver 2012}) 18... Kg8 $1 $11 19. Qd3 {[%cal Rd3h7] [#] Intending Qxh7+! and mate.} (19. Ngxe6 $2 Rfe8 20. Bf5 Nd8 21. Bxh7+ Nxh7 22. Nxd5 Rxe6 $19) 19... g6 20. Rcd1 Ne4 {Threatens to win with ...Nxf2.} 21. Rxe4 dxe4 22. Qxe4 Rf6 ({Of course not} 22... Rf5 23. Nf3 $11) (22... Qc7 $15 23. g3 (23. Nfxe6 Qb6 24. Rf1 Bxe6 25. Nxe6 Nd8 $17) 23... Qd6) 23. h4 {[%mdl 1024] White has compensation.} Qc7 24. g3 Qd6 $1 25. h5 (25. Qf3 $11 {remains equal.}) 25... Rf5 $36 {[%mdl 2048] Black has the initiative.} 26. Nf3 g5 27. Nh3 ({Only move:} 27. Ng2 $1 $15) 27... h6 $17 28. g4 Rf6 29. Qe3 $2 {[#]} (29. Bd3) 29... e5 0-1

[Event "1st Fischer Memorial 2017"]
[Site "Heraklion"]
[Date "2017.04.19"]
[Round "4"]
[White "Kapnisis, Spyridon"]
[Black "Kourkoulos-Arditis, Stamatis"]
[Result "1-0"]
[WhiteElo "2451"]
[BlackElo "2365"]
[Annotator "TA"]
[PlyCount "81"]
[EventDate "2017.??.??"]
[EventType "tourn"]
[EventCountry "GRE"]
[SourceTitle "playchess.com"]
[Source "ChessBase"]
[SourceQuality "1"]

{[%evp 20,81,45,52,68,65,59,64,65,55,70,48,86,79,85,81,81,61,101,85,79,85,171,191,281,282,298,241,239,200,140,224,29988,29989,29991,0,482,464,29996,983,880,885,667,672,657,645,631,626,606,609,545,0,583,0,587,563,560,427,361,0,585,579,947,935]} 1. g3 Nf6 2. Bg2 c5 3. c4 Nc6 4. Nc3 g6 5. e3 Bg7 6. Nge2 O-O 7. O-O d6 8. d4 {[%cal Bd2d4,Bd4d5][%mdl 32]} Bd7 9. b3 Qc8 10. Bb2 Bh3 {E61: King's Indian: Early deviations for White, including Smyslov System} 11. d5 {LiveBook: 5 Games} (11. Rc1 Bxg2 12. Kxg2 h5 13. Nd5 Nxd5 14. cxd5 Nb4 15. Qd2 Nxd5 16. e4 Nf6 17. f3 b6 18. b4 h4 19. dxc5 dxc5 {½-½ (19) Le,Q (2712)-Smirin,I (2663) Khanty-Mansiysk 2013}) 11... Na5 12. Qd2 Bxg2 {White is slightly better.} 13. Kxg2 a6 $146 (13... Qd8 14. Nc1 a6 15. Rb1 Rb8 16. a4 Nd7 17. Re1 b6 18. Qc2 {1-0 (51) Hort,V-Hamann,S Copenhagen 1965}) 14. Nd1 Qd8 15. f3 Nd7 16. Bxg7 Kxg7 17. Qc3+ Kg8 18. Nf2 b5 $1 19. h4 $1 bxc4 20. h5 Nf6 (20... Qb6 $16) 21. hxg6 $18 (21. bxc4 $6 Nxh5 22. Ng4 f6 $14) 21... hxg6 (21... Qb6 $142) 22. Rh1 (22. bxc4 $6 Rb8 $16) 22... Rb8 {[%cal Rc4b3]} 23. Rh6 (23. bxc4 Rb4 $16) 23... Kg7 (23... cxb3 $2 24. Rah1 e5 25. dxe6 fxe6 26. Qd3 $18) 24. Rah1 {[%mdl 1024] Rh7+ would kill now. White has strong compensation.} Rg8 {[%cal Rc4b3]} 25. Nf4 $1 Qb6 $2 (25... Kf8 $18) 26. Ne4 (26. bxc4 Qb4 27. Qc2 Nxc4 28. Rxg6+ Kf8 29. Rxg8+ Kxg8 $11) 26... Qb4 27. Rh7+ (27. Rxg6+ $142 Kf8 28. Nxf6 exf6 29. Qxf6 Qd2+ 30. Kh3 Qxe3 31. Rxg8+ Kxg8 32. Kg4 Qxf3+ 33. Kxf3 Rxb3+ 34. axb3 cxb3 35. Rh8#) 27... Kf8 28. Nxd6 $1 {[%csl Gd6][%cal Rh7f7]} (28. Qxb4 Rxb4 29. Nxf6 exf6 $17) 28... Nxh7 {[#]} (28... Qxc3 29. Rxf7#) (28... Rg7 $18 29. Rh8+ Rg8) 29. Rxh7 (29. Ne6+ $142 $1 {[%mdl 512]} fxe6 {[#]} 30. Rxh7 $1 {[%mdl 512]} exd6 31. Qf6+ Ke8 32. Qe7#) 29... exd6 30. Qf6 $1 {[%csl Gh7,LRd6,LRf7][%cal Rf6f7]} Qb7 31. Qxd6+ Ke8 {[#]} 32. Nxg6 $1 {[%mdl 512]} fxg6 33. Qe6+ Kf8 34. Qf6+ Ke8 35. Qe6+ Kf8 36. Qf6+ $40 {[%mdl 128] Black needs to defend precisely.} Ke8 37. Rxb7 Nxb7 38. Qe6+ Kf8 39. Qf6+ $2 ({Weaker is} 39. bxc4 Rg7 40. Qxa6 Kg8 $18) (39. Qe5 Kf7 40. Qc7+ (40. bxc4 Rgd8 41. Qc7+ Kg8 $18) 40... Kf6 41. e4 (41. bxc4 Rgc8 42. Qf4+ Kg7 43. Qe5+ Kh7 44. Qe7+ Kh8 $18)) 39... Ke8 40. bxc4 Rd8 41. Qc6+ 1-0

[Event "1st Fischer Memorial 2017"]
[Site "Heraklion"]
[Date "2017.04.19"]
[Round "4"]
[White "Ristic, Nenad"]
[Black "Theodorou, Nikolas"]
[Result "1/2-1/2"]
[WhiteElo "2414"]
[BlackElo "2487"]
[Annotator "TA"]
[PlyCount "210"]
[EventDate "2017.??.??"]
[EventType "tourn"]
[EventCountry "GRE"]
[SourceTitle "playchess.com"]
[Source "ChessBase"]
[SourceQuality "1"]

{[%evp 8,210,57,57,66,66,74,42,60,20,22,16,26,0,0,0,5,8,17,8,18,-4,-7,-14,-12,-10,18,-19,-12,-7,-23,-28,-26,-49,-35,-45,-41,-46,-44,-41,-12,-14,-3,-24,-20,-18,-22,-55,-53,-68,-60,-65,-66,-77,-60,-60,-60,-60,-60,-60,-60,-60,-47,-60,-60,-104,-100,-116,-120,-106,-106,-219,-221,-379,-362,-389,-374,-381,-389,-383,-377,-372,-375,-377,-391,-375,-355,-285,-258,-236,-254,-231,-252,-252,-252,-241,-242,-268,-270,-296,-294,-285,-285,-371,-360,-429,-518,-488,-497,-497,0,0,0,0,0,0,0,0,0,0,0,0,0,0,0,0,0,0,0,0,0,0,0,0,0,0,0,0,0,0,0,-8,-8,-8,-8,-8,-8,-172,-172,-172,-172,-199,-199,-183,0,-157,0,-157,-155,-155,-155,-155,-155,-179,-179,-6095,-237,-237,-237,-245,-246,-227,-202,-231,0,0,0,0,0,0,0,0,0,0,0,0,0,0,0,0,0,0,0,-245,-123,-129,-123,-123,-123,-133,-8,-8,-8,-8,0]} 1. e4 c5 2. c3 d6 3. d4 Nf6 4. Bd3 Qc7 5. Nf3 g6 {B07: Pirc Defence: Miscellaneous Systems} (5... Bg4 6. Be3 e6 7. Nbd2 Nc6 8. O-O Be7 9. a3 Bh5 10. b4 Bg6 11. Nh4 Bh5 12. Nhf3 Rc8 13. Qb1 Bg6 {0-1 (55) Potapov,P (2476)-Artemiev,V (2676) Khanty-Mansiysk 2015}) 6. O-O Bg7 7. Qe2 Bg4 $146 {White is slightly better.} (7... e5 8. Na3 a6 9. dxe5 dxe5 10. Nc4 Nbd7 11. a4 b6 12. Rd1 O-O 13. Bc2 {½-½ (34) Delemarre,I (2105)-Dubeck,M (2320) Badenweiler 1995}) 8. Nbd2 cxd4 9. cxd4 Nc6 10. Qe3 (10. Nb3 $5 {seems wilder.} O-O 11. Be3 e5 12. d5 Nb4 13. Rfc1) 10... O-O 11. h3 Bxf3 12. Nxf3 Nd7 13. Bd2 Qb6 {[%cal Rc6d4]} 14. d5 Qxe3 15. Bxe3 Nb4 {[%cal Bc6b4,Bb4a6,Ba6c5][%mdl 32]} 16. Bb5 Nf6 17. Bd2 a5 18. a3 Na6 19. Bxa5 Nc5 20. Bb6 Nfxe4 21. Rab1 Na4 22. Bxa4 Rxa4 23. Rfe1 Bf6 24. Re3 Nc5 25. b4 Nd7 26. Bd4 Re8 27. Rd1 Raa8 28. Rc3 Rec8 29. Re3 Kf8 30. g4 Rc4 31. g5 Bxd4 32. Nxd4 Nb6 33. Nb5 $1 Rac8 $36 {[%mdl 2048] Black has some pressure.} 34. Kg2 Rf4 35. Rf3 Re4 36. Rfd3 Rc2 37. Rc3 Rb2 38. Kg3 Ree2 39. f3 (39. Rf3 $17) 39... Rg2+ $19 40. Kh4 $2 (40. Kf4) 40... Kg7 41. Rd4 (41. Rc7 h6 42. f4 Rbf2 43. gxh6+ Kxh6 44. Rf1 Rxf4+ $1 {[%mdl 512]} 45. Rxf4 g5#) 41... Rbf2 42. f4 {[#]} ({Inferior is} 42. Rc7 h6 43. Rg4 Nxd5 $19) 42... Nxd5 $1 {[%mdl 512]} 43. Rg3 (43. Rxd5 Rxf4#) 43... Rxf4+ (43... Nxf4 44. Rxg2 Nxg2+ 45. Kg3 $19) 44. Rxf4 Nxf4 45. Rxg2 Nxg2+ {[%mdl 4096] Endgame KN-KN} 46. Kg3 Ne3 47. Kf3 Nd5 48. Ke4 Nb6 49. Nc3 f5+ 50. gxf6+ Kxf6 51. a4 Ke6 52. a5 Nd7 53. Kd4 Nf6 54. Kc4 Kd7 55. Kb5 Kc7 56. a6 bxa6+ 57. Kxa6 d5 58. Ka7 Kc6 $2 ({Not} 58... e5 59. b5 e4 60. b6+ Kc6 61. Ne2 $19) ({Black should try} 58... Kd6 $19 59. Na4 d4) 59. b5+ $11 Kc5 (59... Kd6 $5 60. b6 $8 Nd7 $15) 60. b6 Nd7 61. b7 d4 62. Na4+ $1 Kb5 $1 {[%cal Rb5a4] [#]} 63. Nb6 $1 {[%mdl 512]} Ne5 $1 {[%cal Re5c6]} (63... Nxb6 64. b8=Q) 64. Nc8 Nd7 {[#]} 65. Nb6 $1 {[%cal Rb6d7][%mdl 512]} Ne5 $1 {[%cal Re5c6]} (65... Nxb6 66. b8=Q) 66. Nc8 Kc5 (66... Nd7 $5 67. Nb6 $8 $11) 67. Nxe7 Nd7 68. Ng8 d3 {[#] ( -> ...d2)} 69. Nf6 $1 {[%cal Rf6d7][%mdl 512]} Ne5 {next ...Nc6+ is good for Black.} (69... Nxf6 70. b8=Q) 70. Kb8 ({But not} 70. Ne4+ $2 Kd4 71. Nd2 Nd7 $19) 70... Kc4 71. Kc7 d2 72. b8=Q d1=Q 73. Qg8+ Kc3 74. Ne4+ Kb2 75. Qb8+ Kc1 76. Qb5 $1 {[%cal Rb5e5]} Qc2+ 77. Nc5 $2 {[#]} (77. Qc5 $11 {and White has nothing to worry.}) 77... Nd3 $1 $19 {[%mdl 512]} 78. Qxd3 {Strongly threatening Qd4.} Qxc5+ {KQ-KQ} 79. Kd8 Qf8+ 80. Kc7 Qc5+ 81. Kd8 $1 Qf8+ 82. Kc7 Qf5 83. Qe3+ {[#]} Kc2 $1 84. Qe2+ Kc3 85. Qe1+ Kd3 86. Kd6 $2 (86. Qe7) 86... Qxh3 $2 (86... Qf6+ 87. Kd7 Qd4+ 88. Kc7 Qc3+ 89. Qxc3+ Kxc3) 87. Qd1+ Ke4 88. Qe1+ Kf3 89. Qd1+ Kg3 90. Qe1+ Kg4 $2 (90... Kf4 $19 91. Qe5+ Kf3 92. Qd5+ Kg3 93. Qe5+ Kf2 94. Qb2+ Kg1 95. Qc1+ Kh2 96. Qd2+ Qg2 97. Qh6+ Kg3 98. Qg5+ Kh3 99. Qh6+ Kg4 100. Qxh7 g5 101. Qd7+ Kg3) 91. Qe6+ $11 Kh4 92. Qe7+ Kg3 {aiming for ...h5.} 93. Qe3+ Kh2 94. Qf2+ Kh1 (94... Qg2 $5 95. Qh4+ $8 Kg1 96. Qe1+ Qf1 97. Qg3+ Kh1 98. Qh4+ Kg2 99. Qg4+ Kh2 100. Qh4+ Qh3 101. Qf2+ Qg2 102. Qh4+ Qh3 103. Qf2+ $11) 95. Qe1+ $1 Kg2 {Hoping for ...Qg3+.} 96. Qe2+ Kg1 {White must now prevent ...Qh2+.} 97. Qe1+ Qf1 (97... Kg2 $5 98. Qe2+ $8 Kg1 99. Qe1+ Qf1 100. Qg3+ Kh1 101. Qh4+ Kg2 102. Qg4+ Kh2 103. Qh4+ Qh3 104. Qf2+ Kh1 105. Qe1+ Kg2 $11) 98. Qg3+ Kh1 99. Qh4+ Kg2 {And now ...Qd3+ would win.} 100. Qxh7 $2 (100. Qg4+ $11 {and White is okay.} Kh2 101. Qh4+ Kg1 102. Qg3+ Qg2 103. Qe1+ Qf1 104. Qg3+) 100... Qf4+ (100... g5 $19 101. Qc2+ Qf2) 101. Ke6 $17 Qf5+ 102. Ke7 Kg3 103. Qh1 {[#]} Qc5+ (103... g5 $1 $17 {...Qe5+ is the strong threat.} 104. Qg1+ Kh4 105. Qh2+ Kg4) 104. Kf6 $11 Qd6+ 105. Kg5 Qe5+ 1/2-1/2